| 000 | 00684nam a2200217 a 4500 | ||
|---|---|---|---|
| 005 | 20210219153307.0 | ||
| 008 | 991125n 000 0 eng u | ||
| 035 | _aUPN01000089115 | ||
| 100 | _aAAMODT, Per O. | ||
| 222 |
_aEUROPEAN JOURNAL OF EDUCATION : _bRESEARCH, DEVELOPMENT AND POLICIES |
||
| 245 | _aA new deal for Norweigian higher education? : the survival of German Higher education in the 1990s | ||
| 300 | _a171-186 | ||
| 362 | _a1990 25, No. 2 | ||
| 505 | _aFebrero 1991 | ||
| 653 | 0 | _aCAMBIO EDUCATIVO | |
| 653 | 0 | _aCOOPERACION INTERNACIONAL | |
| 653 | 0 | _aINVESTIGACION EDUCATIVA | |
| 653 | 0 | _aPOLITICA EDUCATIVA | |
| 904 |
_aAC _b026926 |
||
| 905 | _aArticulo | ||
| 999 |
_c73305 _d73305 |
||